Vliv prostorové regulace na nabídku nového bydlení v České republice

Rastúce ceny nehnuteľností v Českej republike. Regulácia cien nehnuteľností a jej dopady. Koncentrácia a konkurencia v odvetví stavebných a developerských firiem. Dopady regulácie na ceny rodinných domov a bytov. Príčina dlhodobého rozdielu medzi trhovými cenami nehnuteľností a konštrukčnými nákladm...

Descripción completa

Guardado en:
Detalles Bibliográficos
Autor principal: Klement, Josef
Otros Autores: Kozák, Jan
Formato: Capítulo de libro
Lenguaje:checo
Materias:
Etiquetas: Agregar Etiqueta
Sin Etiquetas, Sea el primero en etiquetar este registro!

MARC

LEADER 00000naa a2200000 4500
001 0283027
005 20220404091529.0
041 0 |a cze 
044 |a CZ 
245 1 0 |a Vliv prostorové regulace na nabídku nového bydlení v České republice  |c Josef Klement, Jan Kozák 
520 |a Rastúce ceny nehnuteľností v Českej republike. Regulácia cien nehnuteľností a jej dopady. Koncentrácia a konkurencia v odvetví stavebných a developerských firiem. Dopady regulácie na ceny rodinných domov a bytov. Príčina dlhodobého rozdielu medzi trhovými cenami nehnuteľností a konštrukčnými nákladmi v nízkej miere konkurencie na trhoch stavebných firiem a developerov. 
610 2 0 |a trh realitný 
610 2 0 |a nehnuteľnosti 
610 2 0 |a ceny 
610 2 0 |a stavebníctvo 
610 2 0 |a regulácia 
610 2 0 |a konkurencia 
610 2 0 |a firmy 
610 2 0 |a Česko 
100 1 |a Klement, Josef 
700 1 |a Kozák, Jan